| 000 | 00840nab a2200253u 4500 | ||
|---|---|---|---|
| 001 | 07636 | ||
| 003 | HDC | ||
| 007 | c| |||a|c|aaaa | ||
| 008 | 210128b20160213my ||||| |||| 00| 0 eng d | ||
| 040 | _aHDC | ||
| 100 |
_aAmir Hisyam Rasid _eauthor _97659 |
||
| 245 | 0 |
_aGlobal halal market growing bigger / _cAmir Hisyam Rasid |
|
| 336 |
_atext _2rdacontent |
||
| 337 |
_acomputer _2rdamedia |
||
| 338 |
_aonline resource _2rdacarrier |
||
| 650 |
_aGlobal Halal market _92232 |
||
| 650 |
_aHalal cosmetics _9359 |
||
| 650 |
_aHalal Development Corporation (HDC) _98170 |
||
| 710 | _aNew Straits Times | ||
| 856 | _zRequest full-text at [email protected] | ||
| 942 | _2lcc | ||
| 942 | _cNEWS | ||
| 942 | _kNWSC 001399 | ||
| 999 |
_c4959 _d4959 |
||